Normal view
MARC view
- Isani, U.A.G.Dr , Mohammad Latif Virk. Dr
Entry Personal Name
001 - CONTROL NUMBER
- control field: 61647
003 - CONTROL NUMBER IDENTIFIER
- control field: NUST
005 - DATE AND TIME OF LATEST TRANSACTION
- control field: 20210628202805.0
008 - FIXED-LENGTH DATA ELEMENTS
- fixed length control field: 210628|| aca||aabn | a|a d
040 ## - CATALOGING SOURCE
- Original cataloging agency: NUST
- Transcribing agency: NUST
100 ## - HEADING--PERSONAL NAME
- Personal name: Isani, U.A.G.Dr , Mohammad Latif Virk. Dr
670 ## - SOURCE DATA FOUND
- Source citation: Work cat.: (NUST): Isani, U.A.G.Dr , Mohammad Latif Virk. Dr, Manual of university laws in pakistan, 2006
